00371nam a22001337a 4500020001800000040000900018082001700027100002100044110002200065245004700087250001600134260004000150650004700190 a9780471452416 cNUST a621.4021 MOR aMoran, Michael J aShapiro, Howard N aFundamentals of Engineering Thermodynamics a5th Edition aHoboken:bJohn Wiley & Sons,c2004. aFundamentals of Engineering Thermodynamics